1M・1Dの停車駅 - Statistics

General Stats
  • This quiz has been taken 177 times
  • The average score is 64 of 99
Answer Stats
Answer % Correct
東京
89%
品川
88%
上野
86%
大阪
84%
水戸
83%
いわき
82%
札幌
82%
土浦
80%
名古屋
80%
岐阜
79%
神戸
79%
姫路
79%
米原
78%
岡山
78%
三ノ宮
78%
勝田
77%
日立
77%
大垣
77%
友部
76%
尾張一宮
76%
敦賀
76%
函館
76%
新宿
75%
明石
75%
高萩
74%
新函館北斗
74%
長万部
74%
鳥取
74%
八王子
73%
甲府
73%
松本
73%
児島
73%
五稜郭
73%
73%
南千歳
73%
塩尻
72%
松山
72%
苫小牧
72%
新札幌
72%
大月
71%
勿来
70%
立川
70%
上諏訪
70%
宇多津
70%
八雲
70%
洞爺
70%
東室蘭
70%
69%
湯本
69%
小淵沢
69%
岡谷
69%
多度津
69%
茅野
68%
今治
68%
城崎温泉
68%
伊予西条
67%
新潟
66%
秋田
66%
丸亀
66%
新居浜
66%
伊達紋別
66%
登別
66%
白老
66%
和田山
66%
豊岡
66%
韮崎
65%
観音寺
65%
新発田
63%
浜坂
63%
村上
62%
酒田
61%
羽後本荘
59%
鶴岡
58%
香住
58%
坂町
57%
寺前
57%
あつみ温泉
56%
伊予北条
55%
豊栄
54%
余目
53%
伊予三島
53%
福崎
52%
八鹿
50%
詫間
48%
遊佐
47%
竹田
47%
江原
47%
仁賀保
46%
象潟
44%
川之江
42%
竹野
41%
岩美
41%
中条
40%
壬生川
39%
生野
39%
府屋
35%
御殿場
12%
松田
11%
駿河小山
10%
No matching quizzes found
Score Distribution
Percent of People with Each Score
Percentile by Number Answered
Your Score History
You have not taken this quiz